[Event "Belgrade Radnicki Schev 02"]
[Site "Belgrade"]
[Date "2024.02.23"]
[Round "4.5"]
[White "Popov, Aleksandr And"]
[Black "Zmijanac, Dusko"]
[Result "0-1"]
[WhiteElo "1314"]
[BlackElo "1945"]
[PlyCount "24"]
[EventDate "2024.02.22"]
[EventType "schev"]
[EventRounds "10"]
[EventCountry "SRB"]
[SourceTitle "CB10_2024"]
[SourceDate "2024.03.06"]
[SourceVersion "1"]
[SourceVersionDate "2024.03.06"]
[SourceQuality "1"]
[WhiteTeam "Team A"]
[BlackTeam "Team B"]
[WhiteTeamCountry "SRB"]
[BlackTeamCountry "SRB"]

1. e4 Nf6 2. e5 Nd5 3. c4 Nb6 4. d4 d6 5. f4 dxe5 6. fxe5 Nc6 7. Be3 Bf5 8. Nc3 e6 9. Nf3 Qd7 10. Bd3 Bg4 11. Ne2 0-0-0 12. 0-0 Bxf3 0-1

[Event "Belgrade Trophy 36th"]
[Site "Belgrade"]
[Date "2023.11.30"]
[Round "6"]
[White "Savic, Nemanja"]
[Black "Zmijanac, Dusko"]
[Result "1-0"]
[WhiteElo "2136"]
[BlackElo "1938"]
[PlyCount "123"]
[EventDate "2023.11.25"]
[EventType "swiss"]
[EventRounds "9"]
[EventCountry "SRB"]
[SourceTitle "CB49_2023"]
[SourceDate "2023.12.06"]
[SourceVersion "1"]
[SourceVersionDate "2023.12.06"]
[SourceQuality "1"]

1. e4 c5 2. Nf3 e6 3. c3 a6 4. d4 d5 5. exd5 exd5 6. Bd3 c4 7. Bc2 Bd6 8. 0-0 Ne7 9. Re1 Bg4 10. b3 cxb3 11. axb3 Qc7 12. h3 Bh5 13. Bb2 Nd7 14. Nbd2 Nf6 15. Qc1 0-0 16. c4 Bb4 17. Ba3 Nc6 18. Bxb4 Nxb4 19. Ne5 Rfd8 20. g4 Nxc2 21. Qxc2 Bg6 22. Qc3 Rac8 23. c5 Ne4 24. Nxe4 Bxe4 25. Nc4 Qf4 26. Nb6 Rc6 27. Qe3 Qb8 28. Qg3 Qxg3+ 29. fxg3 Re6 30. Re3 f6 31. Rae1 Kf7 32. Kf2 Rde8 33. R1e2 g6 34. b4 R6e7 35. Na4 Bd3 36. Rxe7+ Rxe7 37. Rxe7+ Kxe7 38. Nc3 Ke6 39. h4 h6 40. Ke3 Bc4 41. Kf4 g5+ 42. Kf3 Bb3 43. Ke3 Kd7 44. Kd2 Kc6 45. Kc1 Bc4 46. Kb2 Kd7 47. Nd1 Ke6 48. Ne3 Bd3 49. Ka3 Be2 50. Ka4 h5 51. hxg5 fxg5 52. gxh5 Bxh5 53. Ka5 Be8 54. Kb6 Bc6 55. Kc7 g4 56. Nxg4 Kf5 57. Nf2 Kg5 58. Nd3 Kf5 59. Ne5 Bb5 60. Kxb7 Ke4 61. c6 Kxd4 62. c7 1-0

[Event "Belgrade Serbia op"]
[Site "Belgrade"]
[Date "2023.07.18"]
[Round "3"]
[White "Priyanka, K."]
[Black "Zmijanac, Dusko"]
[Result "1-0"]
[WhiteElo "2143"]
[BlackElo "1973"]
[PlyCount "74"]
[EventDate "2023.07.16"]
[EventType "swiss"]
[EventRounds "9"]
[EventCountry "SRB"]
[SourceTitle "CBM 215 Extra"]
[Source "ChessBase"]
[SourceDate "2023.09.30"]
[SourceVersion "1"]
[SourceVersionDate "2023.09.30"]
[SourceQuality "1"]

1. e4 c5 2. Nf3 a6 3. g3 g6 4. Bg2 Bg7 5. 0-0 Nc6 6. c3 e5 7. d3 Nf6 8. d4 d6 9. dxe5 dxe5 10. Qxd8+ Kxd8 11. Be3 b6 12. Nbd2 Ng4 13. Nc4 Kc7 14. h3 b5 15. hxg4 bxc4 16. g5 Rb8 17. Rab1 Rb5 18. a4 Ra5 19. Ra1 Be6 20. Nd2 Rb8 21. Rfb1 Nd4 22. cxd4 cxd4 23. Nxc4 Bxc4 24. b4 Rxa4 25. Rxa4 Bb5 26. Ra3 dxe3 27. Rxe3 Bf8 28. Rf3 Be8 29. Bf1 Rb6 30. Bc4 Bxb4 31. Bxa6 Bd2 32. Rxb6 Kxb6 33. Bc4 Bxg5 34. Bxf7 Bc6 35. Rb3+ Kc5 36. Rc3+ Kd6 37. f3 Bb5 1-0

[Event "Belgrade Radnicki Schev"]
[Site "Belgrade"]
[Date "2023.01.27"]
[Round "3.2"]
[White "Zmijanac, Dusko"]
[Black "Bozinovic, Boban"]
[Result "1-0"]
[WhiteElo "1975"]
[BlackElo "1982"]
[PlyCount "109"]
[EventDate "2023.01.25"]
[EventType "schev"]
[EventRounds "6"]
[EventCountry "SRB"]
[SourceTitle "CBM 212 Extra"]
[Source "ChessBase"]
[SourceDate "2023.03.31"]
[SourceVersion "1"]
[SourceVersionDate "2023.03.31"]
[SourceQuality "1"]
[WhiteTeam "Team A"]
[BlackTeam "Team B"]
[WhiteTeamCountry "SRB"]
[BlackTeamCountry "IND"]

1. d4 Nf6 2. Bg5 g6 3. Bxf6 exf6 4. e3 Bg7 5. g3 0-0 6. Bg2 d5 7. Ne2 Re8 8. 0-0 c6 9. Nd2 f5 10. c4 dxc4 11. Nxc4 Be6 12. Qc2 Na6 13. a3 Rc8 14. Nf4 Bd5 15. b4 b6 16. Rac1 Bxg2 17. Kxg2 Qe7 18. Rfd1 Nb8 19. Nd2 Rcd8 20. h4 h5 21. Qb3 Kh8 22. Nf3 Bf6 23. Rc2 Rd7 24. Rdc1 Kg7 25. a4 Qe4 26. b5 cxb5 27. axb5 Red8 28. Rc7 Be7 29. Qa2 Bd6 30. Rxa7 Rxa7 31. Qxa7 Nd7 32. Rc6 Bb8 33. Qa2 Bxf4 34. gxf4 Re8 35. Rc7 Re7 36. Qa7 Qd5 37. Qb7 Qxb7 38. Rxb7 Kf8 39. Ne5 Nf6 40. Rxb6 Kg7 41. Ra6 Rb7 42. b6 Nd5 43. Nc4 Kf6 44. Ra7 Rb8 45. b7 Ke7 46. Na5 Kd7 47. Ra8 Kc7 48. Rxb8 Kxb8 49. Nc6+ Kxb7 50. Nd8+ Kc7 51. Nxf7 Ne7 52. Ne5 Kd6 53. f3 Ke6 54. e4 Kd6 55. Kf2 1-0

[Event "Belgrade Radnicki Scheveningen"]
[Site "Belgrade"]
[Date "2022.01.04"]
[Round "3.4"]
[White "Tykheev, Aldar"]
[Black "Zmijanac, Dusko"]
[Result "1-0"]
[WhiteElo "1738"]
[BlackElo "2113"]
[PlyCount "51"]
[EventDate "2022.01.02"]
[EventType "schev"]
[EventRounds "10"]
[EventCountry "SRB"]
[SourceTitle "CBM 206 Extra"]
[Source "ChessBase"]
[SourceDate "2022.03.31"]
[SourceVersion "1"]
[SourceVersionDate "2022.03.31"]
[SourceQuality "1"]
[WhiteTeam "Team A"]
[BlackTeam "Team B"]
[WhiteTeamCountry "SRB"]
[BlackTeamCountry "SRB"]

1. e4 c5 2. Nf3 e6 3. d4 cxd4 4. Nxd4 Nc6 5. Nc3 Qc7 6. Be3 a6 7. Qf3 Ne5 8. Qg3 d6 9. 0-0-0 Bd7 10. f4 Nc4 11. f5 Nxe3 12. Qxe3 Nf6 13. h3 Rc8 14. g4 h6 15. fxe6 fxe6 16. g5 hxg5 17. Qxg5 b5 18. Qg6+ Kd8 19. e5 Rh6 20. Qf7 Nh7 21. Bd3 Qc5 22. Bxh7 Kc7 23. Rhe1 b4 24. exd6+ Bxd6 25. Ne4 Qh5 26. Nxe6+ 1-0

[Event "Belgrade Radnicki Scheveningen"]
[Site "Belgrade"]
[Date "2022.01.02"]
[Round "1.1"]
[White "Darmaeva, Nomina"]
[Black "Zmijanac, Dusko"]
[Result "1-0"]
[WhiteElo "1773"]
[BlackElo "2113"]
[PlyCount "81"]
[EventDate "2022.01.02"]
[EventType "schev"]
[EventRounds "10"]
[EventCountry "SRB"]
[SourceTitle "CBM 206 Extra"]
[Source "ChessBase"]
[SourceDate "2022.03.31"]
[SourceVersion "1"]
[SourceVersionDate "2022.03.31"]
[SourceQuality "1"]
[WhiteTeam "Team A"]
[BlackTeam "Team B"]
[WhiteTeamCountry "SRB"]
[BlackTeamCountry "SRB"]

1. e4 Nf6 2. e5 Nd5 3. d4 d6 4. c4 Nb6 5. exd6 cxd6 6. Nc3 Nc6 7. Nf3 Bg4 8. Be3 e6 9. Qb3 Bxf3 10. gxf3 Rb8 11. d5 Ne5 12. f4 Ned7 13. dxe6 fxe6 14. 0-0-0 Qf6 15. Ne4 Qf5 16. Bd3 Qa5 17. Ng5 Be7 18. Nxe6 Bf6 19. Bd2 Qa4 20. Rhe1 Qxb3 21. axb3 Kf7 22. Bb4 Rbe8 23. Ng5+ Bxg5 24. fxg5 Rxe1 25. Rxe1 Ne5 26. Be4 Re8 27. f4 Ng4 28. g6+ hxg6 29. Bxg6+ Kxg6 30. Rxe8 d5 31. Bc5 Nd7 32. Bxa7 Ngf6 33. Rc8 Kf5 34. Bd4 Ke4 35. Bxf6 Nxf6 36. cxd5 Nxd5 37. Rg8 Kxf4 38. Rxg7 b5 39. h4 Nf6 40. Rf7 Ke5 41. Rxf6 1-0

[Event "Belgrade Radnicki IM T1 12"]
[Site "Belgrade"]
[Date "2021.12.10"]
[Round "8"]
[White "Khubukshanov, Erdem"]
[Black "Zmijanac, Dusko"]
[Result "1-0"]
[WhiteElo "2368"]
[BlackElo "2128"]
[PlyCount "51"]
[EventDate "2021.12.03"]
[EventType "tourn"]
[EventRounds "9"]
[EventCountry "SRB"]
[SourceTitle "CBM 205 Extra"]
[Source "ChessBase"]
[SourceDate "2022.01.31"]
[SourceVersion "1"]
[SourceVersionDate "2022.01.31"]
[SourceQuality "1"]

1. e4 e6 2. d4 d5 3. e5 c5 4. c3 Qb6 5. Nf3 Nc6 6. Bd3 Bd7 7. 0-0 Rc8 8. dxc5 Bxc5 9. b4 Be7 10. Be3 Qc7 11. Bf4 h6 12. Re1 g5 13. Bg3 Bf8 14. Na3 a6 15. Rc1 b5 16. Nc2 Bg7 17. Ne3 Nge7 18. Ng4 Ng6 19. Bxg6 fxg6 20. Nf6+ Kf8 21. h4 gxh4 22. Nxh4 Ne7 23. Qf3 Nf5 24. Nxg6+ Kf7 25. Qh5 Rcf8 26. Nf4+ 1-0

[Event "Belgrade Radnicki IM T1 12"]
[Site "Belgrade"]
[Date "2021.12.06"]
[Round "4"]
[White "Petrovic, Aleksa"]
[Black "Zmijanac, Dusko"]
[Result "1-0"]
[WhiteElo "2229"]
[BlackElo "2128"]
[PlyCount "63"]
[EventDate "2021.12.03"]
[EventType "tourn"]
[EventRounds "9"]
[EventCountry "SRB"]
[SourceTitle "CBM 205 Extra"]
[Source "ChessBase"]
[SourceDate "2022.01.31"]
[SourceVersion "1"]
[SourceVersionDate "2022.01.31"]
[SourceQuality "1"]

1. c4 e5 2. g3 Nc6 3. Nc3 d6 4. Bg2 Be6 5. d3 Qd7 6. Rb1 g6 7. Nd5 Bg7 8. b4 Nge7 9. Bg5 Ng8 10. b5 Nd8 11. Bxd8 Rxd8 12. Nb4 Ne7 13. Bxb7 0-0 14. Qa4 d5 15. Nxd5 Nxd5 16. Bxd5 Bxd5 17. cxd5 Qxd5 18. Nf3 Rfe8 19. 0-0 e4 20. dxe4 Rxe4 21. Qxa7 Ra8 22. Qxc7 Rxe2 23. b6 Ree8 24. b7 Rab8 25. Rb3 g5 26. Rc1 Bf8 27. Qc6 Qa5 28. Rb5 Qa3 29. Rxg5+ Bg7 30. Kg2 Qb2 31. Rc2 Qb4 32. Rc4 1-0

[Event "Belgrade Radnicki IM T1 12"]
[Site "Belgrade"]
[Date "2021.12.04"]
[Round "2"]
[White "Pingin, Artem"]
[Black "Zmijanac, Dusko"]
[Result "1-0"]
[WhiteElo "2317"]
[BlackElo "2128"]
[PlyCount "105"]
[EventDate "2021.12.03"]
[EventType "tourn"]
[EventRounds "9"]
[EventCountry "SRB"]
[SourceTitle "CBM 205 Extra"]
[Source "ChessBase"]
[SourceDate "2022.01.31"]
[SourceVersion "1"]
[SourceVersionDate "2022.01.31"]
[SourceQuality "1"]

1. e4 Nf6 2. e5 Nd5 3. d4 d6 4. c4 Nb6 5. f4 dxe5 6. fxe5 Nc6 7. Be3 Bf5 8. Nc3 e6 9. Nf3 Qd7 10. h3 Be7 11. Be2 0-0 12. 0-0 Rad8 13. Qd2 f6 14. exf6 Bxf6 15. Rad1 Bg6 16. Kh1 Kh8 17. Qe1 Qe7 18. Bf2 Bc2 19. Rd2 Bg6 20. c5 Nd5 21. Bb5 Ncb4 22. a3 Nxc3 23. bxc3 Nd5 24. Re2 Nf4 25. Re3 c6 26. Bc4 Rfe8 27. Ne5 Bxe5 28. Rxe5 Nd3 29. Bxd3 Bxd3 30. Bh4 Qd7 31. Rf3 Bc4 32. Bxd8 Rxd8 33. Qf2 Kg8 34. Rf4 b5 35. cxb6 axb6 36. Qb2 b5 37. Qb4 Bd5 38. a4 Re8 39. Re1 h6 40. Ref1 e5 41. Rf8+ Rxf8 42. Rxf8+ Kh7 43. Kg1 exd4 44. Qxd4 Qe7 45. Rf4 bxa4 46. Qd3+ Kh8 47. Rxa4 Qe1+ 48. Kh2 Qe5+ 49. Qg3 Qe2 50. Ra7 g5 51. Qb8+ Bg8 52. Qd6 Qe6 53. Qd4+ 1-0

[Event "Belgrade Premier League"]
[Site "Belgrade"]
[Date "2021.10.11"]
[Round "10.4"]
[White "Zmijanac, Dusko"]
[Black "Stojanovic, Zoran H"]
[Result "1-0"]
[WhiteElo "2149"]
[BlackElo "2071"]
[PlyCount "47"]
[EventDate "2021.10.01"]
[EventType "team-tourn"]
[EventRounds "11"]
[EventCountry "SRB"]
[SourceTitle "CBM 204 Extra"]
[Source "ChessBase"]
[SourceDate "2021.11.30"]
[SourceVersion "1"]
[SourceVersionDate "2021.11.30"]
[SourceQuality "1"]
[WhiteTeam "Belgrade Radnicki"]
[BlackTeam "Belgrade Partizan"]
[WhiteTeamCountry "SRB"]
[BlackTeamCountry "SRB"]

1. d4 d5 2. c4 c6 3. Nf3 Nf6 4. Nc3 e6 5. e3 Nbd7 6. Qc2 Bd6 7. g4 Nxg4 8. Rg1 Qf6 9. Rxg4 Qxf3 10. Rxg7 h5 11. h3 Nf8 12. Rg1 Qf6 13. e4 Qxd4 14. Be3 Qf6 15. 0-0-0 Bf4 16. cxd5 Bxe3+ 17. fxe3 Bd7 18. dxc6 Bxc6 19. Bb5 Rc8 20. Qd3 a6 21. Bxc6+ Rxc6 22. e5 Qe7 23. Kb1 Ng6 24. Rxg6 1-0

[Event "Belgrade Radnicki IM T1 08"]
[Site "Belgrade"]
[Date "2021.08.07"]
[Round "7"]
[White "Zmijanac, Dusko"]
[Black "Chyndygyr, Tamerlan"]
[Result "0-1"]
[WhiteElo "2181"]
[BlackElo "2161"]
[PlyCount "83"]
[EventDate "2021.08.01"]
[EventType "tourn"]
[EventRounds "9"]
[EventCountry "SRB"]
[EventCategory "1"]
[SourceTitle "CBM 203 Extra"]
[Source "ChessBase"]
[SourceDate "2021.09.30"]
[SourceVersion "1"]
[SourceVersionDate "2021.09.30"]
[SourceQuality "1"]

1. d4 Nf6 2. c4 c5 3. Nf3 cxd4 4. Nxd4 Nc6 5. Nc3 g6 6. e4 Bg7 7. Be3 Ng4 8. Qxg4 Nxd4 9. Qd1 Ne6 10. Be2 Qa5 11. Qd2 d6 12. 0-0 g5 13. Rfc1 Be5 14. a3 Nf4 15. Bf1 Be6 16. b4 Qd8 17. Rab1 h5 18. Nd5 Ng6 19. Bxg5 f6 20. Be3 f5 21. f4 Bg7 22. exf5 Bxf5 23. Bd3 0-0 24. Bxf5 Rxf5 25. Rf1 e6 26. Nc3 Rc8 27. Qd3 d5 28. Nxd5 b5 29. Qe4 Qd7 30. Rbd1 Kf7 31. Bc5 exd5 32. Rxd5 Rxd5 33. cxd5 Re8 34. Qf3 Nh4 35. Qd3 Qf5 36. Qxb5 Qe4 37. Rf2 a6 38. Qxa6 Qxd5 39. h3 Re1+ 40. Kh2 Qe4 41. Qd6 Nf5 42. Qd8 0-1

[Event "Belgrade Radnicki IM T1 08"]
[Site "Belgrade"]
[Date "2021.08.02"]
[Round "2"]
[White "Zmijanac, Dusko"]
[Black "Zhapova, Yana"]
[Result "0-1"]
[WhiteElo "2181"]
[BlackElo "2196"]
[PlyCount "62"]
[EventDate "2021.08.01"]
[EventType "tourn"]
[EventRounds "9"]
[EventCountry "SRB"]
[EventCategory "1"]
[SourceTitle "CBM 203 Extra"]
[Source "ChessBase"]
[SourceDate "2021.09.30"]
[SourceVersion "1"]
[SourceVersionDate "2021.09.30"]
[SourceQuality "1"]

1. Nf3 d5 2. c4 e6 3. e3 Nf6 4. d4 Be7 5. Nbd2 0-0 6. Bd3 b6 7. Ne5 Bb7 8. 0-0 c5 9. Ndf3 cxd4 10. exd4 dxc4 11. Bxc4 Bd5 12. Bf4 Bxc4 13. Nxc4 Nc6 14. Rc1 Nb4 15. Qb3 Qd5 16. Bd2 Nc6 17. Nxb6 axb6 18. Qxd5 Nxd5 19. Rxc6 Rxa2 20. Bc3 b5 21. Rb1 Rfa8 22. g3 h6 23. Ne5 Ra1 24. Rxa1 Rxa1+ 25. Kg2 Rd1 26. Rc8+ Kh7 27. Nc6 b4 28. Nxe7 Nxe7 29. Rc5 bxc3 30. bxc3 Nd5 31. Kf3 Rd3+ 0-1

[Event "Belgrade-chT Quality"]
[Site "Belgrade"]
[Date "2020.11.07"]
[Round "8.1"]
[White "Petrekanovic, Miroslav"]
[Black "Zmijanac, Dusko"]
[Result "1/2-1/2"]
[WhiteElo "2155"]
[BlackElo "2190"]
[PlyCount "73"]
[EventDate "2020.10.09"]
[EventType "team-tourn"]
[EventRounds "9"]
[EventCountry "SRB"]
[SourceTitle "EXT 2022"]
[Source "ChessBase"]
[SourceDate "2021.10.06"]
[SourceVersion "1"]
[SourceVersionDate "2021.10.06"]
[SourceQuality "1"]
[WhiteTeam "Belgrade Banjica"]
[BlackTeam "Belgrade Teleoptik"]
[WhiteTeamCountry "SRB"]
[BlackTeamCountry "SRB"]

1. d4 d5 2. Nc3 Nf6 3. Bf4 a6 4. e3 Bf5 5. Nf3 e6 6. Ne5 h6 7. g4 Bh7 8. h4 Nbd7 9. g5 Nxe5 10. gxf6 Nd7 11. fxg7 Bxg7 12. Bd3 Bxd3 13. cxd3 c5 14. Qg4 Bf6 15. dxc5 Nxc5 16. d4 Nd3+ 17. Ke2 Nxf4+ 18. Qxf4 Rc8 19. Rad1 Rc4 20. Rd2 Ke7 21. Rh3 Qb8 22. Qxb8 Rxb8 23. Kd3 Rg8 24. f4 h5 25. Ne4 Ra4 26. Nxf6 Kxf6 27. b3 Rb4 28. Rc2 Rb6 29. Rhh2 Rg4 30. Rc8 Kg7 31. Ke2 a5 32. Kf3 Rb4 33. Ra8 b6 34. Rg2 Rxg2 35. Kxg2 f6 36. Kf3 Kg6 37. Rg8+ 1/2-1/2

[Event "Belgrade-chT Quality"]
[Site "Belgrade"]
[Date "2018.09.28"]
[Round "11.3"]
[White "Certic, Branimir"]
[Black "Zmijanac, Dusko"]
[Result "0-1"]
[WhiteElo "2376"]
[BlackElo "2126"]
[PlyCount "110"]
[EventDate "2018.09.17"]
[EventType "team-tourn"]
[EventRounds "11"]
[EventCountry "SRB"]
[SourceTitle "CBM 186 Extra"]
[Source "ChessBase"]
[SourceDate "2018.08.24"]
[SourceVersion "1"]
[SourceVersionDate "2018.08.24"]
[SourceQuality "1"]
[WhiteTeam "Belgrade Vodovod"]
[BlackTeam "Belgrade Radnicki"]
[WhiteTeamCountry "SRB"]
[BlackTeamCountry "SRB"]

1. e4 Nf6 2. e5 Nd5 3. Bc4 Nb6 4. Be2 c5 5. Nf3 Nc6 6. 0-0 d6 7. exd6 e5 8. b4 Bxd6 9. bxc5 Bxc5 10. Bb2 f6 11. c3 0-0 12. d4 Bd6 13. Nbd2 Re8 14. Nc4 exd4 15. cxd4 Bf8 16. Nxb6 Qxb6 17. Rb1 Bf5 18. Bd3 Bxd3 19. Qxd3 Nb4 20. Qb3+ Qe6 21. Bc3 Qxb3 22. axb3 Nd5 23. Bd2 Rac8 24. Rfc1 a6 25. Kf1 Kf7 26. g3 b6 27. Be1 a5 28. Rc4 Ke6 29. Ke2 Kd7+ 30. Kd3 Rc6 31. Bd2 Rec8 32. h4 Bb4 33. Rbc1 b5 34. Rxc6 Rxc6 35. Ra1 Ra6 36. Bxb4 Nxb4+ 37. Kd2 Kd6 38. Kc3 Rc6+ 39. Kd2 Rc2+ 40. Ke3 Nd5+ 41. Kd3 Rxf2 42. Nd2 Nb4+ 43. Kc3 Rg2 44. Rxa5 Nc6 45. Rxb5 Rxg3+ 46. Kb2 Nxd4 47. Ne4+ Kc6 48. Rc5+ Kb6 49. Rd5 Rxb3+ 50. Ka2 Rb4 51. Rd7 Nc6 52. Nxf6 gxf6 53. Rxh7 Ne5 54. h5 Rh4 55. Rh8 Ng4 0-1

[Event "Belgrade-chT Quality"]
[Site "Belgrade"]
[Date "2018.09.18"]
[Round "2.6"]
[White "Zmijanac, Dusko"]
[Black "Djordjevic, Dejan P"]
[Result "1-0"]
[WhiteElo "2126"]
[BlackElo "1936"]
[PlyCount "91"]
[EventDate "2018.09.17"]
[EventType "team-tourn"]
[EventRounds "11"]
[EventCountry "SRB"]
[SourceTitle "CBM 186 Extra"]
[Source "ChessBase"]
[SourceDate "2018.08.24"]
[SourceVersion "1"]
[SourceVersionDate "2018.08.24"]
[SourceQuality "1"]
[WhiteTeam "Belgrade Radnicki"]
[BlackTeam "Belgrade PTT"]
[WhiteTeamCountry "SRB"]
[BlackTeamCountry "SRB"]

1. d4 e6 2. c4 Nf6 3. Nc3 Bb4 4. Qc2 0-0 5. e4 d5 6. e5 Ne4 7. Bd3 f5 8. exf6 Qxf6 9. Nf3 Bd7 10. 0-0 Bxc3 11. bxc3 g6 12. Ne5 Nd6 13. Ba3 Rd8 14. Rae1 Nc6 15. Re3 dxc4 16. Nxc4 Nf5 17. Rf3 Qg5 18. Bc1 Qe7 19. Qb1 b5 20. Ne3 b4 21. Re1 Qg7 22. Nxf5 exf5 23. Bc4+ Kh8 24. cxb4 Re8 25. Rfe3 Rxe3 26. fxe3 Qe7 27. Bd2 Qh4 28. Qb2 Re8 29. b5 Nd8 30. d5+ Kg8 31. Qb3 Re4 32. Bd3 Rg4 33. Re2 Nf7 34. Qc3 Qd8 35. h3 Ra4 36. Qb3 Rh4 37. Be1 Rh5 38. Bg3 Nd6 39. a4 Qf6 40. Qc2 f4 41. Bxf4 Rxd5 42. Rf2 Qa1+ 43. Rf1 Qa3 44. Bxg6 Bf5 45. Bxf5 Rxf5 46. Qxc7 1-0

[Event "Belgrade-chT Quality"]
[Site "Belgrade"]
[Date "2018.09.17"]
[Round "1.5"]
[White "Zmijanac, Dusko"]
[Black "Kovacevic, Marko D"]
[Result "1/2-1/2"]
[WhiteElo "2126"]
[BlackElo "1927"]
[PlyCount "97"]
[EventDate "2018.09.17"]
[EventType "team-tourn"]
[EventRounds "11"]
[EventCountry "SRB"]
[SourceTitle "CBM 186 Extra"]
[Source "ChessBase"]
[SourceDate "2018.08.24"]
[SourceVersion "1"]
[SourceVersionDate "2018.08.24"]
[SourceQuality "1"]
[WhiteTeam "Belgrade Radnicki"]
[BlackTeam "Tadic"]
[WhiteTeamCountry "SRB"]
[BlackTeamCountry "SRB"]

1. d4 e6 2. c4 Nf6 3. Nf3 b6 4. Nc3 Bb7 5. Bg5 Be7 6. e3 0-0 7. Bd3 d6 8. 0-0 Nbd7 9. e4 e5 10. d5 Re8 11. b4 Nf8 12. h3 Ng6 13. Qd2 Bc8 14. Ne2 Nh5 15. Be3 Rf8 16. c5 f5 17. Ng3 Nxg3 18. fxg3 f4 19. Bf2 h5 20. Rac1 fxg3 21. Bxg3 h4 22. Be1 dxc5 23. Qb2 cxb4 24. Bxb4 Bxb4 25. Qxb4 c5 26. Qc3 Qd6 27. Bb5 Bb7 28. Ng5 a6 29. Be2 Nf4 30. Bg4 Bc8 31. Qf3 Qg6 32. Bxc8 Raxc8 33. Qg4 c4 34. Kh2 b5 35. Qxh4 Ne2 36. Rce1 Rxf1 37. Rxf1 c3 38. Qg4 Ra8 39. Qxe2 Qxg5 40. Rf5 Qd2 41. Qh5 Rf8 42. Rxf8+ Kxf8 43. Qf5+ Kg8 44. Qe6+ Kh7 45. Qf5+ Kh6 46. Qe6+ g6 47. Qxe5 c2 48. Qh8+ Kg5 49. Qe5+ 1/2-1/2

[Event "Belgrade-chT Premier"]
[Site "Belgrade"]
[Date "2017.09.25"]
[Round "7.3"]
[White "Mikluc, Davorin"]
[Black "Zmijanac, Dusko"]
[Result "0-1"]
[WhiteElo "2135"]
[BlackElo "2121"]
[PlyCount "84"]
[EventDate "2017.09.18"]
[EventType "team"]
[EventRounds "9"]
[EventCountry "SRB"]
[SourceTitle "EXT 2018"]
[Source "ChessBase"]
[SourceDate "2017.10.13"]
[SourceVersion "1"]
[SourceVersionDate "2017.10.13"]
[SourceQuality "1"]
[WhiteTeam "Grocka"]
[BlackTeam "Belgrade Radnicki"]
[WhiteTeamCountry "SRB"]
[BlackTeamCountry "SRB"]

1. e4 c5 2. Nf3 e6 3. Nc3 a6 4. Be2 b5 5. 0-0 Bb7 6. d3 Qc7 7. b3 d6 8. Bb2 Nd7 9. Nb1 Ngf6 10. Nbd2 Be7 11. Re1 0-0 12. Nf1 d5 13. exd5 Nxd5 14. c4 Nf4 15. Ng3 Bf6 16. Bxf6 Nxf6 17. Bf1 Rfd8 18. Ne5 Rd4 19. Qc2 Rad8 20. Re3 Nd7 21. Nxd7 R4xd7 22. cxb5 axb5 23. Rc1 Rc8 24. Ne4 Nd5 25. Rg3 Qe5 26. d4 Qxd4 27. Rd1 Qe5 28. Ng5 g6 29. Qc1 c4 30. bxc4 bxc4 31. Rh3 h5 32. Rf3 Rdc7 33. Re1 Qg7 34. a3 Nf6 35. Rc3 Bd5 36. h3 Rc5 37. Qe3 R5c6 38. Rec1 Ne8 39. Ne4 Bxe4 40. Qxe4 Nd6 41. Qh4 Qe5 42. a4 Kg7 0-1

[Event "Belgrade-chT Premier"]
[Site "Belgrade"]
[Date "2017.09.24"]
[Round "6.3"]
[White "Zmijanac, Dusko"]
[Black "Ugrcic, Zoran"]
[Result "1-0"]
[WhiteElo "2121"]
[BlackElo "2000"]
[PlyCount "67"]
[EventDate "2017.09.18"]
[EventType "team"]
[EventRounds "9"]
[EventCountry "SRB"]
[SourceTitle "CBM 180 Extra"]
[Source "ChessBase"]
[SourceDate "2017.10.06"]
[SourceVersion "1"]
[SourceVersionDate "2017.10.06"]
[SourceQuality "1"]
[WhiteTeam "Belgrade Radnicki"]
[BlackTeam "Cukaricki"]
[WhiteTeamCountry "SRB"]
[BlackTeamCountry "SRB"]

1. d4 f5 2. g3 Nf6 3. Bg2 g6 4. Nh3 Bg7 5. 0-0 0-0 6. d5 d6 7. Nc3 c5 8. Nf4 a6 9. a4 Qc7 10. h4 Re8 11. Re1 Bh6 12. e4 Bxf4 13. Bxf4 fxe4 14. Nxe4 Nbd7 15. Ng5 Nf8 16. c4 a5 17. Ra3 Bf5 18. Rae3 b6 19. Ne4 N8d7 20. Nc3 Nf8 21. Qe2 Kf7 22. Ne4 Nxe4 23. Bxe4 Bxe4 24. Rxe4 Qd7 25. Bg5 Ra7 26. Qf3+ Kg8 27. Rxe7 Rxe7 28. Rxe7 Qxe7 29. Bxe7 Rxe7 30. Qf6 Rf7 31. Qxd6 Nd7 32. f4 Kg7 33. Kg2 h5 34. Qe6 1-0

[Event "Belgrade-chT Premier"]
[Site "Belgrade"]
[Date "2017.09.20"]
[Round "3.5"]
[White "Zmijanac, Dusko"]
[Black "Milic, Dragan"]
[Result "1-0"]
[WhiteElo "2121"]
[BlackElo "2108"]
[PlyCount "83"]
[EventDate "2017.09.18"]
[EventType "team"]
[EventRounds "9"]
[EventCountry "SRB"]
[SourceTitle "CBM 180 Extra"]
[Source "ChessBase"]
[SourceDate "2017.10.06"]
[SourceVersion "1"]
[SourceVersionDate "2017.10.06"]
[SourceQuality "1"]
[WhiteTeam "Belgrade Radnicki"]
[BlackTeam "Belgrade PTT"]
[WhiteTeamCountry "SRB"]
[BlackTeamCountry "SRB"]

1. d4 c6 2. c4 d5 3. Nf3 e6 4. Qc2 dxc4 5. a4 Bb4+ 6. Nc3 a5 7. g3 b5 8. Bg2 Bb7 9. 0-0 Qb6 10. e4 Bxc3 11. bxc3 b4 12. Ne5 b3 13. Qe2 Ba6 14. Ba3 Nd7 15. Nxc4 Bxc4 16. Qxc4 Rb8 17. Rfb1 Ne7 18. Rb2 Qd8 19. Rab1 0-0 20. Rxb3 Rxb3 21. Rxb3 Re8 22. Bxe7 Rxe7 23. Qxc6 Nf8 24. h4 Rc7 25. Qb5 Rc8 26. e5 Qc7 27. Be4 h6 28. Kg2 g6 29. Qe2 Kg7 30. Qf3 Rb8 31. c4 Nd7 32. c5 Rb4 33. Rxb4 axb4 34. Qb3 Qa5 35. Bc6 Nb8 36. Bb5 Na6 37. Bxa6 Qxa6 38. Qxb4 Qd3 39. Qb2 g5 40. hxg5 hxg5 41. Qc1 Qe4+ 42. Kg1 1-0

[Event "Belgrade-chT"]
[Site "Belgrade"]
[Date "2016.10.19"]
[Round "11.7"]
[White "Svicevic, Rastko"]
[Black "Zmijanac, Dusko"]
[Result "1-0"]
[WhiteElo "2238"]
[BlackElo "2127"]
[PlyCount "41"]
[EventDate "2016.10.08"]
[EventType "team-tourn"]
[EventRounds "13"]
[EventCountry "SRB"]
[SourceTitle "CBM 175 Extra"]
[Source "ChessBase"]
[SourceDate "2016.12.12"]
[SourceVersion "1"]
[SourceVersionDate "2016.12.12"]
[SourceQuality "1"]
[WhiteTeam "Politika"]
[BlackTeam "Post Stedionica"]
[WhiteTeamCountry "SRB"]
[BlackTeamCountry "SRB"]

1. e4 c5 2. a3 Nc6 3. b4 e5 4. Bc4 a6 5. Nf3 cxb4 6. 0-0 bxa3 7. d4 exd4 8. Nxa3 Bc5 9. Ng5 Nh6 10. Nxf7 Nxf7 11. Bxf7+ Kxf7 12. Qh5+ g6 13. Qxc5 d6 14. Qc4+ Be6 15. Qe2 b5 16. f4 h5 17. Qf3 Bg4 18. Qg3 Qf6 19. Bb2 Rhg8 20. Rae1 Rad8 21. f5 1-0